000 00355nam a22001337a 4500
005 20260522114130.0
020 _a9781032563992
082 _a418.020951
_bYAN.T
100 _aYan, Haiping
_914932
245 _aTranslation studies and china:literature, cinema,and visual arts
260 _aNew York
_bRoutledge
_c2024
300 _a245p.
942 _2ddc
_cBK
999 _c759759
_d759759